مكتبة جامعة عجلون الوطنية

فهرس بحث المكتبة

Normal view MARC view
  • تعليم الأطفال-تربية الأطفال

Entry Topical Term

Number of records used in: 1

001 - CONTROL NUMBER

  • control field: 22399

003 - CONTROL NUMBER IDENTIFIER

  • control field: JO-AjAnu

005 - DATE AND TIME OF LATEST TRANSACTION

  • control field: 20230606073851.0

008 - FIXED-LENGTH DATA ELEMENTS

  • fixed length control field: 230606|| aca||aabn | a|a d

040 ## - CATALOGING SOURCE

  • Original cataloging agency: JO-AjAnu
  • Transcribing agency: JO-AjAnu

150 ## - HEADING--TOPICAL TERM

  • Topical term or geographic name entry element: تعليم الأطفال-تربية الأطفال

670 ## - SOURCE DATA FOUND

  • Source citation: Work cat.: (JO-AjAnu)11511: عيسى،إيفال مؤلف/الشافعي،أحمد حسين أحمد مترجم/منصور،رشد فام مراجع/جمل،محمد جهاد مراجع, author 22398, مدخل إلى التعليم في الطفولة المبكرة=Introduction To Early Childhood Education